| 000 | 00774nam a22002537a 4500 | ||
|---|---|---|---|
| 001 | 7916 | ||
| 003 | FISKH | ||
| 005 | 20250813161519.0 | ||
| 008 | 250813b cb ||||| |||| 00| 0 eng d | ||
| 040 |
_aFISKH _beng _cFISKH _dFISKH |
||
| 050 | _aPZ7.L544 W | ||
| 082 | _a591.15 | ||
| 100 | _aLeon, Ruth | ||
| 245 |
_aWhat am I? _cby Ruth Leon ; Illustrated by Cornelius DeWitt |
||
| 260 |
_aWisconsin : _bGolden Press, _c1949 |
||
| 300 |
_a20 unnumbered pages : _bcolor illustrations ; _c21 cm |
||
| 505 | _aG | ||
| 520 | _aSimples riddles for young readers to guess what animal is being described. | ||
| 521 | 8 |
_a380
_bLexile estimate |
|
| 521 | 8 |
_aG
_bRaz-Plus |
|
| 650 |
_aLittle Golden Book _vRiddles _xChildren's |
||
| 942 |
_2ddc _cBK _n0 |
||
| 999 |
_c7916 _d7916 |
||